Catalyzed controlled crystallization of glasses in the lithium aluminosilicate system /

Bibliographic Details
Other Authors: Vargin, V. V.
Format: Book
Language:English
Russian
Published: New York : Consultants Bureau, 1965-
Subjects:

MARC

Tag First Indicator Second Indicator Subfields
LEADER 00000cam a2200000 4500
001 in00000025249
005 20151007061137.0
008 760422m19659999nyua b 00000 eng
010 |a  65025265  
035 |a (OCoLC)02132898 
035 |9 AAD1226AM 
040 |a DLC  |c YDM  |d TXA  |d UtOrBLW 
041 1 |a eng  |a rus 
049 |a TXAM  |c [471286] 
050 0 0 |a TP862  |b .K313 
082 0 |a 666.1 
092 |a 666.1  |b C357 
245 0 0 |a Catalyzed controlled crystallization of glasses in the lithium aluminosilicate system /  |c Edited by V.V. Vargin. Authorized translation from the Russian by E. B. Uvarov. 
264 1 |a New York :  |b Consultants Bureau,  |c 1965- 
300 |a  volumes :  |b illustrations ;  |c 28 cm. 
336 |a text  |b txt  |2 rdacontent 
337 |a unmediated  |b n  |2 rdamedia 
338 |a volume  |b nc  |2 rdacarrier 
504 |a Includes bibliographical references. 
650 0 |a Glass-ceramics. 
650 0 |a Titanium dioxide. 
700 1 |a Vargin, V. V. 
999 |a MARS 
999 f f |s 32370aec-5f4e-34a9-97e1-b3238d25b57f  |i 4caadd0f-d327-37bb-b4b9-e51fcc028285  |t 0 
952 f f |p ric  |a Texas A&M University  |b Rellis Campus  |c Joint Library Facility  |d Remote Storage  |t 0  |e TP862 .K313  |h Library of Congress classification  |i unmediated -- volume  |k pt.1  |m A14821564600 
998 f f |a TP862 .K313  |s pt.1  |t 0  |l Remote Storage